LEADER 02741nam 2200625 a 450 001 9910457594903321 005 20200520144314.0 010 $a1-283-29263-7 010 $a9786613292636 010 $a0-8213-8786-3 035 $a(CKB)2550000000049523 035 $a(EBL)781366 035 $a(OCoLC)755417102 035 $a(SSID)ssj0000536937 035 $a(PQKBManifestationID)12177709 035 $a(PQKBTitleCode)TC0000536937 035 $a(PQKBWorkID)10550840 035 $a(PQKB)10280559 035 $a(MiAaPQ)EBC781366 035 $a(Au-PeEL)EBL781366 035 $a(CaPaEBR)ebr10506399 035 $a(CaONFJC)MIL329263 035 $a(OCoLC)757104400 035 $a(EXLCZ)992550000000049523 100 $a20110617d2011 uy 0 101 0 $aeng 135 $aurcn||||||||| 181 $ctxt 182 $cc 183 $acr 200 00$aFrontiers in development policy$b[electronic resource] $ea primer on emerging issues /$fRaj Nallari ... [et al.] 210 $aWashington, D.C. $cWorld Bank$d2011 215 $a1 online resource (316 p.) 300 $aDescription based upon print version of record. 311 $a0-8213-8785-5 320 $aIncludes bibliographical references and index. 327 $aDevelopment challenges in a post-crisis world -- Private enterprise and development -- Growth and development strategies and rethinking development -- Human development policies -- Managing risks. 330 $aThe global crisis of 2008-09 has brought to the forefront a plethora of economic and political policy issues. There is a re-opening of discussion on basic economic concepts, appropriate framework for analysis, role of private and public sectors in the economy, structural transformation of economies, human development and managing of growing risks and crises. The purpose of this book has been to bring home the inter-linkages in various parts of the economy and the need for practical policy making to reach development goals while being aware of the instabilities, complexities and downside risks 606 $aGlobal Financial Crisis, 2008-2009 606 $aFree enterprise$zDeveloping countries 606 $aEconomic development$xEnvironmental aspects$zDeveloping countries 607 $aDeveloping countries$xEconomic policy 608 $aElectronic books. 615 0$aGlobal Financial Crisis, 2008-2009. 615 0$aFree enterprise 615 0$aEconomic development$xEnvironmental aspects 676 $a338.9 701 $aNallari$b Raj$f1955-$0118814 801 0$bMiAaPQ 801 1$bMiAaPQ 801 2$bMiAaPQ 906 $aBOOK 912 $a9910457594903321 996 $aFrontiers in development policy$92154892 997 $aUNINA LEADER 01640nam 2200409Ia 450 001 996388988703316 005 20221108080630.0 035 $a(CKB)1000000000646516 035 $a(EEBO)2248535369 035 $a(OCoLC)9923109400971 035 $a(EXLCZ)991000000000646516 100 $a20061013d1610 uy 0 101 0 $aeng 135 $aurbn||||a|bb| 200 10$aBy the King$b[electronic resource] $eA proclamation for the vtter abolishing of the making of starch of any stuffe whatsoeuer, within the realme of England, and dominion of Wales 210 $a[S.l. $cR. Barker$d1610] 215 $a[3] p 300 $aCaption title. 300 $aPrinter and date of publication suggested by STC (2nd ed.). 300 $aIncludes headpiece and initial ; royal coat of arms preceeds text. 300 $aImperfect: large page cropped with text and imprint missing. 300 $aA proclamation for the utter abolishing of the making of starch. 300 $aReproduction of original in: Harvard University. Library (reel 2222:12) and Queen's College (University of Oxford). Library (reel 2371:47). 330 $aeebo-0062 606 $aStarch$zEngland$vEarly works to 1800 606 $aStarch industry$zEngland$vEarly works to 1800 607 $aGreat Britain$xHistory$yJames I, 1603-1625$vSources 607 $aGreat Britain$xPolitics and government$y1603-1649 615 0$aStarch 615 0$aStarch industry 701 $aJames$cKing of England,$f1566-1625.$01001019 801 0$bUMI 801 1$bUMI 906 $aBOOK 912 $a996388988703316 996 $aBy the King$92299281 997 $aUNISA LEADER 04744nam 2201117 a 450 001 9910780375003321 005 20230607214204.0 010 $a1-282-35646-1 010 $a9786612356469 010 $a0-520-92587-4 010 $a1-59734-823-6 024 7 $a10.1525/9780520925878 035 $a(CKB)111087027177534 035 $a(EBL)223702 035 $a(OCoLC)475928822 035 $a(SSID)ssj0000224503 035 $a(PQKBManifestationID)11910941 035 $a(PQKBTitleCode)TC0000224503 035 $a(PQKBWorkID)10210554 035 $a(PQKB)11191618 035 $a(MiAaPQ)EBC223702 035 $a(OCoLC)52862196 035 $a(MdBmJHUP)muse30535 035 $a(DE-B1597)520950 035 $a(OCoLC)1058867988 035 $a(DE-B1597)9780520925878 035 $a(Au-PeEL)EBL223702 035 $a(CaPaEBR)ebr10051164 035 $a(CaONFJC)MIL235646 035 $a(EXLCZ)99111087027177534 100 $a20010816d2002 uy 0 101 0 $aeng 135 $aurnn#---|u||u 181 $ctxt 182 $cc 183 $acr 200 10$aPopular theater and society in Tsarist Russia$b[electronic resource] /$fE. Anthony Swift 210 $aBerkeley, Calif. $cUniversity of California Press$dc2002 215 $a1 online resource (367 p.) 225 1 $aStudies on the history of society and culture ;$v44 300 $aDescription based upon print version of record. 311 0 $a0-520-22594-5 320 $aIncludes bibliographical references (p. 303-326) and index. 327 $tFront matter --$tContents --$tIllustrations --$tAcknowledgments --$tNote on Transliteration and Dates --$tIntroduction --$t1. The Urban Theatrical Landscape --$t2. People's Theater and Cultural Politics --$t3. Censorship and Repertoire --$t4. Theater, Temperance, and Popular Culture --$t5. Workers' Theater, Proletarian Culture, and Respectability --$t6. The People at the Theater: Audience Reception --$tConclusion --$tEpilogue --$tAppendix of Titles --$tNotes --$tSelected Bibliography --$tIndex 330 $aThis is the most comprehensive study available of the popular theater that developed during the last decades of tsarist Russia. Swift examines the origins and significance of the new "people's theaters" that were created for the lower classes in St. Petersburg and Moscow between 1861 and 1917. His extensively researched study, full of anecdotes from the theater world of the day, shows how these people's theaters became a major arena in which the cultural contests of late imperial Russia were played out and how they contributed to the emergence of an urban consumer culture during this period of rapid social and political change. Swift illuminates many aspects of the story of these popular theaters-the cultural politics and aesthetic ambitions of theater directors and actors, state censorship politics and their role in shaping the theatrical repertoire, and the theater as a vehicle for social and political reform. He looks at roots of the theaters, discusses specific theaters and performances, and explores in particular how popular audiences responded to the plays. 410 0$aStudies on the history of society and culture ;$v44. 606 $aTheater$zRussia$xHistory 606 $aPopular culture$zRussia 610 $aactors. 610 $aaesthetics. 610 $aaudience response. 610 $acensorship. 610 $aconsumer culture. 610 $adirectors. 610 $adissident. 610 $afactory workers. 610 $aimperial russia. 610 $amoscow. 610 $apeoples theater. 610 $aperformance. 610 $aperforming arts. 610 $apolitical change. 610 $apolitical reform. 610 $apolitics. 610 $apopular culture. 610 $apopular theater. 610 $aprotest. 610 $areform. 610 $aresistance. 610 $arevolution. 610 $arussia. 610 $arussian culture. 610 $arussian history. 610 $arussian politics. 610 $arussian revolution. 610 $arussian theater. 610 $aserfs. 610 $asocial change. 610 $ast petersburg. 610 $atheater critics. 610 $atheater. 610 $atheaters. 610 $atheatrical repertoire. 610 $atsarist russia. 610 $aworking class. 615 0$aTheater$xHistory. 615 0$aPopular culture 676 $a792/.0947 700 $aSwift$b Eugene Anthony$01558084 801 0$bMiAaPQ 801 1$bMiAaPQ 801 2$bMiAaPQ 906 $aBOOK 912 $a9910780375003321 996 $aPopular theater and society in Tsarist Russia$93822202 997 $aUNINA